000 00619nam a2200229Ia 4500
003 OSt
005 20221007064524.0
006 a|||||r|||| 00| 0
007 ta
008 221006b |||||||| |||| 00| 0 eng d
024 _a16,462
037 _cTextual
040 _aFLL
_cFLL
_beng
041 _2eng
_aeng
082 _aX9D6605:Z2, J5
100 _aAiyar A.N. Au.
_9295101
245 0 _aLaw of electricity india and pakistan
260 _aDelhi
_bFederal law depot India
_c1955
300 _a570p
_ccm.
942 _hX9D6605:Z2, J5
_cTEXL
_2CC
999 _c1134338
_d1134338